000 00391nam a2200145Ia 4500
003 GCL
008 140319s9999 xx 000 0 ara d
040 _aGCL /
_cGCL
082 0 4 _a270
_bف ى
100 1 _aفايز فارس
245 1 0 _aينابيع السعادة /
_cفايز فارس
260 _a[S.N] :
_bدار الثقافة العربية ،
_c1988
300 _a87 ص
490 _a
999 _c53965
_d53965